[Event "X Open"]
[Site "Condino ITA"]
[Date "2010.07.27"]
[Round "4"]
[White "Giacometto, Mario"]
[Black "De Santis, Alessio"]
[Result "0-1"]
[WhiteElo "1967"]
[BlackElo "2348"]
[PlyCount "86"]
[EventDate "2010.07.26"]

1. e4 b6 2. d4 Bb7 3. Nc3 e6 4. a3 d6 5. Be3 Nd7 6. Qd2 a6 7. Bd3 c5 8. Nce2
Ngf6 9. f3 cxd4 10. Bxd4 Be7 11. Nh3 O-O 12. O-O Ne5 13. Rad1 Nxd3 14. Qxd3 Qc7
15. Qe3 b5 16. Bb6 Qc6 17. Rd3 Nd7 18. Bd4 Nc5 19. Rdd1 Rfd8 20. Kh1 e5 21.
Bxc5 dxc5 22. Nc3 Qe6 23. Rxd8+ Rxd8 24. Rd1 Rd4 25. Rd3 Qd7 26. Nf2 h6 27. Qe2
Rxd3 28. Qxd3 Qd4 29. Ncd1 c4 30. Qe2 Bg5 31. c3 Qc5 32. g3 g6 33. h4 Be7 34.
Qe3 Qxe3 35. Nxe3 Bc5 36. Ned1 f5 37. Kg2 Kg7 38. g4 Kf6 39. h5 fxe4 40. fxe4
gxh5 41. gxh5 Kg5 42. Kf3 Kxh5 43. Ng4 Bxe4+ 0-1

[Event "X Open"]
[Site "Condino ITA"]
[Date "2010.07.27"]
[Round "4"]
[White "Gorelli Fagiolini, Marco"]
[Black "Scharrer, Patrick"]
[Result "0-1"]
[WhiteElo "2179"]
[BlackElo "2253"]
[PlyCount "32"]
[EventDate "2010.07.26"]

1. e4 g6 2. d4 Bg7 3. Nf3 d6 4. Be2 Nd7 5. O-O a6 6. Re1 e6 7. Bf1 Ne7 8. Nc3
b6 9. Bf4 Bb7 10. Qd2 h6 11. Rad1 g5 12. Bg3 Ng6 13. h3 O-O 14. Qe3 Nf6 15. Ne5
dxe5 16. dxe5 Nd7 0-1

[Event "X Open"]
[Site "Condino ITA"]
[Date "2010.07.27"]
[Round "4"]
[White "Khachab, Ibrahim"]
[Black "Petragnani, Gian Giacomo"]
[Result "0-1"]
[WhiteElo "1891"]
[BlackElo "1674"]
[PlyCount "74"]
[EventDate "2010.07.26"]

1. e4 g6 2. d4 Bg7 3. c4 d6 4. Nc3 Nf6 5. Nf3 O-O 6. Be2 e5 7. O-O Nc6 8. d5
Ne7 9. Ne1 Nd7 10. b4 f5 11. f3 f4 12. Nd3 Nf6 13. c5 g5 14. Bb2 h5 15. h3 h4
16. cxd6 cxd6 17. Nf2 Nh5 18. Bb5 a6 19. Ba4 b5 20. Bb3 Bd7 21. Qd3 Qb6 22.
Rfc1 Rfc8 23. Ncd1 Rxc1 24. Rxc1 Rc8 25. Rxc8+ Nxc8 26. Qc3 Qa7 27. Kh2 Ng3 28.
Qe1 Nb6 29. Nh1 Nc4 30. Bxc4 bxc4 31. Qf2 Qb7 32. Bc3 Bf6 33. Nb2 Qc7 34. Qe1
Bd8 35. a4 Qc8 36. Bd2 Bb6 37. Qc1 Ne2 0-1

[Event "X Open"]
[Site "Condino ITA"]
[Date "2010.07.27"]
[Round "4"]
[White "Mazzetta, Renato"]
[Black "Schaberg, Wolfgang"]
[Result "1/2-1/2"]
[WhiteElo "1929"]
[BlackElo "1945"]
[PlyCount "39"]
[EventDate "2010.07.26"]

1. e4 c5 2. Nc3 e6 3. g3 d5 4. d3 Nc6 5. Bg2 d4 6. Nce2 g6 7. f4 e5 8. Nf3 Bg7
9. O-O Nge7 10. fxe5 Nxe5 11. Nxe5 Bxe5 12. Bh6 Bg4 13. Qd2 Qd7 14. Rae1 Rg8
15. Rf2 f6 16. Ref1 O-O-O 17. Bf4 Be6 18. Bxe5 fxe5 19. Rf6 Kb8 20. Qh6 1/2-1/2

[Event "X Open"]
[Site "Condino ITA"]
[Date "2010.07.27"]
[Round "4"]
[White "Menon, Michele"]
[Black "Carola, Paolo"]
[Result "1/2-1/2"]
[WhiteElo "1733"]
[BlackElo "1917"]
[PlyCount "47"]
[EventDate "2010.07.26"]

1. Nf3 Nf6 2. g3 d5 3. c4 dxc4 4. Qa4+ c6 5. Qxc4 g6 6. Bg2 Bg7 7. O-O O-O 8.
d3 Nbd7 9. Qc2 Nd5 10. a3 N7f6 11. Nc3 Re8 12. Bd2 h6 13. Rad1 e5 14. Nxd5 Nxd5
15. e4 Nb6 16. Bc3 Qc7 17. d4 Bg4 18. dxe5 Bxf3 19. Bxf3 Bxe5 20. Bb4 Rad8 21.
Bd2 Kh7 22. Bg4 Bd4 23. Bf4 Be5 24. Be3 1/2-1/2

[Event "X Open"]
[Site "Condino ITA"]
[Date "2010.07.27"]
[Round "4"]
[White "Oppici, Gabriele"]
[Black "Girelli, Sergio"]
[Result "1/2-1/2"]
[WhiteElo "2010"]
[BlackElo "1705"]
[PlyCount "32"]
[EventDate "2010.07.26"]

1. d4 Nf6 2. Bf4 g6 3. Nf3 Bg7 4. e3 d6 5. h3 O-O 6. Be2 Nbd7 7. O-O b6 8. c4
Bb7 9. Nc3 Ne4 10. Nxe4 Bxe4 11. Nd2 Bb7 12. Bf3 Bxf3 13. Nxf3 e5 14. Bh2 e4
15. Nd2 f5 16. Rb1 Nf6 1/2-1/2

[Event "X Open"]
[Site "Condino ITA"]
[Date "2010.07.27"]
[Round "4"]
[White "Panjkovic, Aleksandar"]
[Black "Marguerettaz, Davy"]
[Result "1/2-1/2"]
[WhiteElo "2121"]
[BlackElo "2092"]
[PlyCount "55"]
[EventDate "2010.07.26"]

1. c4 c6 2. g3 d5 3. Nf3 Nf6 4. Bg2 dxc4 5. Qc2 b5 6. a4 Bb7 7. b3 cxb3 8. Qxb3
Qb6 9. Nc3 a6 10. Ba3 Nbd7 11. Ng5 e6 12. Bxf8 Nxf8 13. O-O N8d7 14. axb5 cxb5
15. Bxb7 Qxb7 16. Qb4 Nb6 17. Nge4 Nxe4 18. Nxe4 Qe7 19. Qd4 Na4 20. Qxg7 O-O-O
21. Rfc1+ Kb7 22. Qe5 f5 23. Nc5+ Nxc5 24. Rxc5 Qd6 25. Qg7+ Qd7 26. Qe5 Qd6
27. Qg7+ Qd7 28. Qe5 1/2-1/2

[Event "X Open"]
[Site "Condino ITA"]
[Date "2010.07.27"]
[Round "4"]
[White "Pichler, Christoph"]
[Black "Pipitone, Antonio"]
[Result "0-1"]
[WhiteElo "1867"]
[BlackElo "2044"]
[PlyCount "82"]
[EventDate "2010.07.26"]

1. e4 c5 2. Nf3 Nc6 3. d4 cxd4 4. Nxd4 Nf6 5. Nc3 d6 6. Be2 a6 7. O-O e6 8. Be3
Be7 9. Qd2 Nxd4 10. Bxd4 e5 11. Be3 Be6 12. Rad1 O-O 13. f3 Rc8 14. Nd5 Bxd5
15. exd5 Nd7 16. c4 f5 17. Bd3 g6 18. Rc1 f4 19. Bf2 Bh4 20. g3 fxg3 21. hxg3
Bg5 22. Be3 Bxe3+ 23. Qxe3 Nc5 24. Bb1 a5 25. Kg2 Qf6 26. Rh1 Rc7 27. Rcf1 Rcf7
28. b3 Qg7 29. a3 e4 30. Bxe4 Nxe4 31. Qxe4 Qb2+ 32. Rf2 Qxb3 33. Rb1 Qxa3 34.
Qe6 Kh8 35. f4 Qc5 36. Rfb2 Qxc4 37. Rxb7 Qc2+ 38. Kh1 Rf5 39. g4 Rxf4 40.
Rxh7+ Kxh7 41. Rb7+ Kh8 0-1

[Event "X Open"]
[Site "Condino ITA"]
[Date "2010.07.27"]
[Round "4"]
[White "Poletti, Fausto"]
[Black "Gallucci, Alessio"]
[Result "1-0"]
[WhiteElo "1901"]
[BlackElo "2155"]
[PlyCount "119"]
[EventDate "2010.07.26"]

1. c4 e5 2. Nc3 Nf6 3. g3 Nc6 4. Bg2 Bb4 5. Nf3 O-O 6. O-O Bxc3 7. bxc3 e4 8.
Ng5 Re8 9. f3 e3 10. d3 d6 11. Ne4 Nxe4 12. fxe4 Qg5 13. Rf4 Ne5 14. Bxe3 Ng4
15. Bd2 Qc5+ 16. d4 Qxc4 17. h3 Nf6 18. Qf1 Qe6 19. Qf3 d5 20. e5 Ne4 21. Be1
g5 22. Rxe4 dxe4 23. Qxe4 c6 24. g4 Qe7 25. Bg3 Be6 26. Qc2 Bd5 27. e4 Bc4 28.
Rd1 Rad8 29. Rd2 b5 30. Rf2 Qa3 31. Qd2 h6 32. h4 b4 33. hxg5 bxc3 34. Qf4 Qf8
35. gxh6 Re6 36. g5 Rxd4 37. Bh3 Rd1+ 38. Kh2 Rg6 39. Bf5 Rd2 40. Rxd2 cxd2 41.
Qxd2 Re6 42. Bxe6 Bxe6 43. Qd6 Qc8 44. Bf2 Kh7 45. Qe7 Qh8 46. Qf6 Qxf6 47.
exf6 Bxa2 48. Bxa7 Bb1 49. e5 Ba2 50. Kg3 Kg6 51. Kf4 Bd5 52. Ke3 Kh7 53. Kd4
Kg6 54. Kc5 Kh7 55. Kd6 Kg6 56. Ke7 Kh7 57. Kf8 Be6 58. Be3 Bd5 59. g6+ fxg6
60. Ke7 1-0

[Event "X Open"]
[Site "Condino ITA"]
[Date "2010.07.27"]
[Round "4"]
[White "Qendro, Llambi"]
[Black "Daniel, Jiri"]
[Result "0-1"]
[WhiteElo "2356"]
[BlackElo "2000"]
[PlyCount "110"]
[EventDate "2010.07.26"]

1. d4 Nf6 2. c4 d5 3. cxd5 Nxd5 4. Nf3 g6 5. e4 Nb6 6. Nc3 Bg7 7. Be3 Nc6 8. d5
Ne5 9. Nxe5 Bxe5 10. Bd4 Bxd4 11. Qxd4 O-O 12. O-O-O e6 13. h4 h5 14. Be2 exd5
15. exd5 f5 16. Rhe1 a6 17. Rd3 Qf6 18. Qf4 Bd7 19. Rg3 Kf7 20. Bd1 Qd6 21. Qg5
Qf6 22. Qh6 Rh8 23. Qf4 Qd6 24. Qd4 c5 25. Qd2 Rae8 26. Rxe8 Bxe8 27. Rf3 Bd7
28. Ne4 Qe5 29. Ng5+ Kf6 30. Re3 Nc4 31. Rxe5 Nxd2 32. Re2 Nc4 33. Rc2 Ne5 34.
Be2 Rc8 35. f4 Nf7 36. Nxf7 Kxf7 37. Bf3 b6 38. a3 a5 39. Rc3 Ke7 40. Kd2 Kd6
41. Re3 Re8 42. Rxe8 Bxe8 43. Kc3 b5 44. b4 axb4+ 45. axb4 Bf7 46. Be2 Kxd5 47.
Bf3+ Kd6 48. g3 Bd5 49. Be2 Kc6 50. Bd1 Bg2 51. Be2 Be4 52. Bd1 Kd5 53. Be2 c4
54. Bd1 Bg2 55. Bc2 Bf3 0-1

[Event "X Open"]
[Site "Condino ITA"]
[Date "2010.07.27"]
[Round "4"]
[White "Taloni, Silvio"]
[Black "Garonzi, Martino"]
[Result "0-1"]
[WhiteElo "1778"]
[BlackElo "2055"]
[PlyCount "54"]
[EventDate "2010.07.26"]

1. d4 Nf6 2. Nf3 g6 3. Nbd2 Bg7 4. e4 d6 5. Bd3 O-O 6. O-O c5 7. c3 cxd4 8.
Nxd4 Nc6 9. N2f3 Bd7 10. Re1 Ng4 11. h3 Nge5 12. Nxe5 Nxe5 13. Bc2 b5 14. Nf3
Nc4 15. Nd2 Qc7 16. Nxc4 bxc4 17. Be3 Rab8 18. Rb1 Rb7 19. Ba4 Bxa4 20. Qxa4
Rfb8 21. Qc2 Qa5 22. a3 Rb3 23. Bd4 Bxd4 24. cxd4 Rxb2 25. Rxb2 Qxe1+ 26. Kh2
Rxb2 27. Qxb2 Qxe4 0-1

[Event "X Open"]
[Site "Condino ITA"]
[Date "2010.07.27"]
[Round "4"]
[White "Trifoni, Giorgio"]
[Black "Galas, Franco"]
[Result "0-1"]
[WhiteElo "1699"]
[BlackElo "1771"]
[PlyCount "92"]
[EventDate "2010.07.26"]

1. Nf3 d6 2. d4 g6 3. c3 Bg7 4. e4 e6 5. Bd3 Ne7 6. O-O Nd7 7. Be3 b6 8. Qd2
Bb7 9. Bg5 O-O 10. Re1 f6 11. Bh6 Qe8 12. Bxg7 Kxg7 13. Qc2 e5 14. Nbd2 c5 15.
Nc4 Qb8 16. d5 Qd8 17. Nxd6 Rb8 18. Nxb7 Rxb7 19. Bb5 Nc8 20. Rad1 Nd6 21. Bc6
Rc7 22. a3 Nb8 23. Qa4 a6 24. b4 b5 25. Qc2 c4 26. a4 Nxc6 27. dxc6 Rxc6 28.
axb5 axb5 29. Rd5 Qc7 30. Red1 Rf7 31. h3 Qb8 32. Qe2 Ra6 33. Qe3 Rfa7 34. Rxd6
Rxd6 35. Rxd6 Ra1+ 36. Kh2 Qxd6 37. h4 Rd1 38. g4 Rd3 39. Qa7+ Qd7 40. Qxd7+
Rxd7 41. g5 Rd3 42. gxf6+ Kxf6 43. Ng5 h5 44. Nh3 Rxc3 45. f4 Rxh3+ 46. Kxh3 c3
0-1

[Event "X Open"]
[Site "Condino ITA"]
[Date "2010.07.27"]
[Round "4"]
[White "Van den Bergh, Peter"]
[Black "Popa, Claudiu"]
[Result "1/2-1/2"]
[WhiteElo "2074"]
[BlackElo "2211"]
[PlyCount "115"]
[EventDate "2010.07.26"]

1. e4 e5 2. Nf3 Nc6 3. Bb5 a6 4. Ba4 Nf6 5. O-O d6 6. Re1 b5 7. Bb3 Be7 8. c3
Na5 9. Bc2 c5 10. h3 O-O 11. d4 Qc7 12. Nbd2 Re8 13. Nf1 Bd7 14. Ng3 Rac8 15.
dxe5 dxe5 16. Nf5 Bxf5 17. exf5 Rcd8 18. Qe2 Bd6 19. g4 Nd7 20. Ng5 Nf8 21. a4
c4 22. axb5 axb5 23. Be3 f6 24. Ne4 Be7 25. f3 Rb8 26. Nd2 Bc5 27. Bxc5 Qxc5+
28. Qf2 Qxf2+ 29. Kxf2 Red8 30. Ke2 Nb7 31. Ra7 Nc5 32. Ne4 Rd7 33. Rea1 Rxa7
34. Rxa7 Nfd7 35. Rc7 Nxe4 36. Bxe4 Nb6 37. Kd2 Rd8+ 38. Kc2 Nd5 39. Rb7 Ne3+
40. Kb1 Rd1+ 41. Ka2 Rh1 42. Rxb5 Rxh3 43. Rb8+ Kf7 44. Rb7+ Kf8 45. Ka3 h5 46.
gxh5 Rxh5 47. Kb4 Nxf5 48. Rb8+ Ke7 49. Kxc4 Nd6+ 50. Kd5 f5 51. Bc2 e4 52.
fxe4 fxe4+ 53. Kd4 Rh2 54. Ba4 Rd2+ 55. Ke3 Rxb2 56. Rxb2 Nc4+ 57. Kxe4 Nxb2
58. Bb3 1/2-1/2

[Event "X Open"]
[Site "Condino ITA"]
[Date "2010.07.27"]
[Round "4"]
[White "Van Rekom, Robert"]
[Black "Panjkovic, Stefan"]
[Result "1-0"]
[WhiteElo "1879"]
[BlackElo "1608"]
[PlyCount "67"]
[EventDate "2010.07.26"]

1. f4 f5 2. e4 fxe4 3. d3 Nf6 4. dxe4 Nxe4 5. Bd3 Nf6 6. g4 d6 7. g5 Nd5 8.
Qh5+ g6 9. Bxg6+ Kd7 10. Nc3 Nxc3 11. Qh3+ e6 12. Qxc3 Be7 13. Be4 d5 14. Bd3
Nc6 15. Bd2 Bb4 16. Qg7+ Kd6 17. Bxb4+ Nxb4 18. Bxh7 Qf8 19. Qxf8+ Rxf8 20. c3
Rxf4 21. cxb4 Rxb4 22. O-O-O e5 23. Rf1 Bd7 24. Ne2 Bb5 25. Rf6+ Kc5 26. Nc3
Rc4 27. Bd3 d4 28. Bxc4 dxc3 29. Bxb5 cxb2+ 30. Kxb2 Kxb5 31. g6 Rg8 32. Rg1 e4
33. g7 e3 34. Rf8 1-0

[Event "X Open"]
[Site "Condino ITA"]
[Date "2010.07.27"]
[Round "4"]
[White "Weinberg, Emanuele"]
[Black "Zallocco, Marco"]
[Result "1-0"]
[WhiteElo "1843"]
[BlackElo "1465"]
[PlyCount "43"]
[EventDate "2010.07.26"]

1. d4 d5 2. Nf3 Bg4 3. g3 Bxf3 4. exf3 e6 5. Bg2 Nf6 6. O-O Be7 7. Nd2 O-O 8.
Qe2 a6 9. Re1 Re8 10. f4 Nbd7 11. Nf3 Ne4 12. Bh3 c6 13. f5 exf5 14. Bxf5 Ndf6
15. Ne5 Bd6 16. f3 Bxe5 17. dxe5 Nc5 18. Qf2 Nfd7 19. f4 Re7 20. Bd2 Qb6 21.
Be3 g6 22. Bxd7 1-0

[Event "X Open"]
[Site "Condino ITA"]
[Date "2010.07.28"]
[Round "5"]
[White "Bettalli, Marco"]
[Black "Dappiano, Andrea"]
[Result "0-1"]
[WhiteElo "2074"]
[BlackElo "2033"]
[PlyCount "80"]
[EventDate "2010.07.26"]

1. Nf3 d6 2. e4 Nf6 3. d3 e5 4. g3 Be7 5. Bg2 O-O 6. O-O c6 7. Nbd2 Nbd7 8. a4
b6 9. Nc4 Qc7 10. Ne3 Re8 11. Ne1 a5 12. f4 Bb7 13. f5 d5 14. g4 dxe4 15. dxe4
Nc5 16. g5 Nfxe4 17. Qg4 Nd6 18. f6 Bf8 19. fxg7 Bxg7 20. Qh4 Bc8 21. Nd3 Nxd3
22. cxd3 Be6 23. Bd2 Rad8 24. Rac1 c5 25. Bd5 Nf5 26. Nxf5 Bxf5 27. Rxf5 Rxd5
28. Rf3 Rd4 29. Qh5 Qd7 30. Rh3 Qg4+ 31. Qxg4 Rxg4+ 32. Kf2 Rxa4 33. Bc3 Rg4
34. Rg3 Rxg3 35. Kxg3 Rd8 36. Re1 Rxd3+ 37. Kg4 e4 38. Bxg7 Kxg7 39. Rxe4 Rd4
40. Rxd4 cxd4 0-1

[Event "X Open"]
[Site "Condino ITA"]
[Date "2010.07.28"]
[Round "5"]
[White "Bini, Massimo"]
[Black "Pichler, Christoph"]
[Result "1/2-1/2"]
[WhiteElo "2044"]
[BlackElo "1867"]
[PlyCount "191"]
[EventDate "2010.07.26"]

1. d4 d5 2. Bf4 Bf5 3. e3 e6 4. Nf3 Nd7 5. c4 c6 6. Qb3 Qb6 7. c5 Qa5+ 8. Qc3
Qxc3+ 9. Nxc3 h6 10. b4 a6 11. a4 Ngf6 12. h3 Be7 13. Be2 Ne4 14. Nxe4 dxe4 15.
Nd2 O-O 16. O-O Nf6 17. Bc4 Rfd8 18. Nb3 Nd5 19. Bxd5 exd5 20. Na5 Rd7 21. g4
Be6 22. Rfb1 g5 23. Bg3 Bd8 24. Nb3 h5 25. gxh5 Bxh3 26. Nd2 Bg4 27. Kg2 Bxh5
28. Rh1 Bg6 29. Rab1 Kg7 30. b5 axb5 31. axb5 Ra2 32. Nf1 f5 33. Be5+ Bf6 34.
bxc6 bxc6 35. Bxf6+ Kxf6 36. Rh8 Raa7 37. Rb6 Rac7 38. Rf8+ Bf7 39. Ra8 Re7 40.
Rd8 Bh5 41. Nd2 Be2 42. Nb1 Bf3+ 43. Kg3 Kg7 44. Rd6 Rf7 45. Nd2 f4+ 46. exf4
Rxf4 47. Nxf3 Rxf3+ 48. Kg2 Rf6 49. Rd8 Rcf7 50. Rb2 Rf3 51. Rd6 R7f6 52. Rb7+
Kg6 53. Rxf6+ Rxf6 54. Rd7 Kf5 55. Re7 Re6 56. Rf7+ Kg4 57. Rc7 Rg6 58. Re7 Kf5
59. Rd7 Re6 60. Rf7+ Kg4 61. Rc7 Kf5 62. Rf7+ Rf6 63. Re7 Kf4 64. Re8 g4 65.
Rd8 Kf5 66. Kg3 Kg6 67. Rg8+ Kf7 68. Rxg4 Rf3+ 69. Kg2 Rd3 70. Rf4+ Ke6 71. Rh4
Rxd4 72. Rh6+ Kd7 73. Kg3 Rc4 74. Kf4 Rxc5 75. Ke5 Rc2 76. Rh7+ Kc8 77. Kd6 Kb8
78. Rf7 d4 79. Ke5 e3 80. Kxd4 exf2 81. Ke5 c5 82. Kd5 Kc8 83. Kd6 c4 84. Kd5
Kd8 85. Kd4 Ke8 86. Rf4 Ke7 87. Re4+ Kd6 88. Rf4 Kc6 89. Rf5 Kb6 90. Ke3 f1=Q
91. Rxf1 Kc5 92. Rb1 Ra2 93. Rb8 Ra3+ 94. Kd2 Rh3 95. Kc2 Kd4 96. Rd8+ 1/2-1/2

[Event "X Open"]
[Site "Condino ITA"]
[Date "2010.07.28"]
[Round "5"]
[White "Bonugli, Carlo"]
[Black "Gorelli Fagiolini, Marco"]
[Result "1-0"]
[WhiteElo "2032"]
[BlackElo "2179"]
[PlyCount "55"]
[EventDate "2010.07.26"]

1. e4 d6 2. d4 Nf6 3. Nc3 g6 4. f4 Bg7 5. Nf3 O-O 6. Bd3 Na6 7. Be3 c5 8. Qd2
cxd4 9. Bxd4 Nc5 10. h3 b6 11. O-O Bb7 12. Rae1 Qc7 13. e5 dxe5 14. Bxe5 Qc8
15. Qe3 Nxd3 16. cxd3 Qd7 17. Ng5 Nd5 18. Nxd5 Qxd5 19. Nf3 Bxe5 20. fxe5 Qxa2
21. Qh6 Bxf3 22. Rxf3 Qxb2 23. Re4 Rac8 24. Kh2 Qc1 25. Rfe3 f5 26. exf6 exf6
27. Re7 Rc7 28. Qg7# 1-0

[Event "X Open"]
[Site "Condino ITA"]
[Date "2010.07.28"]
[Round "5"]
[White "Brunello, Roberta"]
[Black "Barucco, Mattia"]
[Result "1-0"]
[WhiteElo "2064"]
[BlackElo "2014"]
[PlyCount "133"]
[EventDate "2010.07.26"]

1. e4 c6 2. d4 d5 3. e5 c5 4. Be3 cxd4 5. Bxd4 Nc6 6. Bb5 e6 7. Nf3 Nh6 8. O-O
Nf5 9. c4 dxc4 10. Bxc6+ bxc6 11. Qa4 Bd7 12. Qxc4 Nxd4 13. Qxd4 Qb6 14. Qg4
Qb4 15. Qh5 Qf4 16. Rd1 Rb8 17. Nc3 c5 18. Rd3 Bc6 19. Rad1 Be7 20. g3 Qh6 21.
Qxh6 gxh6 22. b3 Rg8 23. Nd2 Rg5 24. Nc4 h5 25. Nd6+ Kf8 26. f3 Rg6 27. Nce4 h4
28. Kf2 hxg3+ 29. hxg3 h5 30. Nxc5 h4 31. g4 Bg5 32. Rd4 h3 33. Rh1 Rh6 34.
Nce4 Bd8 35. Rc4 Bd5 36. Rc2 Bb6+ 37. Kg3 Bd4 38. f4 Rb4 39. Re2 a5 40. Rxh3
Rxh3+ 41. Kxh3 a4 42. bxa4 Rxa4 43. Nf6 Rxa2 44. Rxa2 Bxa2 45. Kh4 Bb1 46. Kg5
Be3 47. Nc4 Bf2 48. Nd6 Be3 49. Nh5 Ke7 50. Kh6 Kf8 51. Nc4 Bc1 52. Nb6 Ke7 53.
Kg7 Bg6 54. Nc8+ Kd8 55. Nd6 Ke7 56. Nf6 Bxf4 57. Ng8+ Kd7 58. Nxf7 Bc2 59. g5
Bb1 60. Kf6 Bh7 61. Ne7 Bb1 62. Ng6 Bg3 63. Nf8+ Ke8 64. Nxe6 Bh4 65. Ng7+ Kf8
66. e6 Bxg5+ 67. Nxg5 1-0

[Event "X Open"]
[Site "Condino ITA"]
[Date "2010.07.28"]
[Round "5"]
[White "Buglisi, Massimo"]
[Black "Ventura, Sergio"]
[Result "0-1"]
[WhiteElo "1879"]
[BlackElo "2103"]
[PlyCount "90"]
[EventDate "2010.07.26"]

1. d4 g6 2. c4 Bg7 3. e4 d6 4. Nc3 Nd7 5. Be3 b6 6. Qd2 Bb7 7. f3 a6 8. Rb1 h5
9. b4 e5 10. d5 a5 11. a3 axb4 12. axb4 Bh6 13. Nh3 Bxe3 14. Qxe3 Nh6 15. Bd3
Kf8 16. O-O Kg7 17. Ng5 Ra3 18. Rfc1 Qe7 19. h4 Rc8 20. Nb5 Raa8 21. Ra1 Nf8
22. g3 f6 23. Nh3 Rxa1 24. Rxa1 Ra8 25. Rxa8 Bxa8 26. Qc1 c6 27. Nc3 Bb7 28.
dxc6 Bxc6 29. Nd5 Qd8 30. Qe3 Nd7 31. Kg2 Qb8 32. Nf2 Qa7 33. g4 hxg4 34. fxg4
Qa2 35. Kg3 Qa1 36. Nh3 Qd1 37. Qe2 Qb3 38. Qf3 Bxd5 39. exd5 Qxb4 40. g5 Nf7
41. gxf6+ Nxf6 42. Ng5 Nh5+ 43. Kf2 Qd2+ 44. Kf1 Nxg5 45. hxg5 Qxg5 0-1

[Event "X Open"]
[Site "Condino ITA"]
[Date "2010.07.28"]
[Round "5"]
[White "Daniel, Jiri"]
[Black "Van den Bergh, Peter"]
[Result "0-1"]
[WhiteElo "2000"]
[BlackElo "2074"]
[PlyCount "46"]
[EventDate "2010.07.26"]

1. c4 e5 2. Nc3 Nc6 3. b3 Nf6 4. Bb2 d5 5. cxd5 Nxd5 6. g3 Be6 7. Bg2 Qd7 8.
Rc1 O-O-O 9. d3 f6 10. a3 Kb8 11. b4 Nxc3 12. Bxc3 Bd5 13. Bxd5 Qxd5 14. Nf3 g5
15. O-O h5 16. Qa4 h4 17. b5 Nd4 18. Bxd4 exd4 19. Rc4 Bc5 20. Rfc1 b6 21. g4
h3 22. Kf1 Rhe8 23. Ke1 Qxf3 0-1

[Event "X Open"]
[Site "Condino ITA"]
[Date "2010.07.28"]
[Round "5"]
[White "De Santis, Alessio"]
[Black "Dittmar, Peter"]
[Result "0-1"]
[WhiteElo "2348"]
[BlackElo "2326"]
[PlyCount "80"]
[EventDate "2010.07.26"]

1. b3 d5 2. Bb2 Nf6 3. e3 c6 4. d3 Bf5 5. Be2 h6 6. g4 Bc8 7. h3 a5 8. a4 Nbd7
9. Nf3 Qc7 10. c4 dxc4 11. bxc4 e5 12. Nc3 Bb4 13. Kf1 Bd6 14. Qc2 O-O 15. g5
hxg5 16. Nxg5 Nc5 17. d4 exd4 18. exd4 Ne6 19. Nce4 Nxe4 20. Nxe4 Be7 21. h4
Nf4 22. Ra3 Bxa3 23. Ng5 g6 24. Bxa3 Bf5 25. Qd2 Rfe8 26. Bd1 Bd3+ 27. Kg1 Bxc4
28. h5 Ne2+ 29. Bxe2 Rxe2 30. Qc3 Qf4 31. Nh3 Qe4 32. Kh2 Be6 33. Qg3 Bxh3 34.
hxg6 Be6 35. g7 Qh7+ 36. Kg2 Bd5+ 37. Kf1 Qxh1+ 38. Kxe2 Re8+ 39. Kd2 Qe1+ 40.
Kd3 Qe2+ 0-1

[Event "X Open"]
[Site "Condino ITA"]
[Date "2010.07.28"]
[Round "5"]
[White "Galas, Franco"]
[Black "Lezzerini, Marco"]
[Result "1-0"]
[WhiteElo "1771"]
[BlackElo "1672"]
[PlyCount "97"]
[EventDate "2010.07.26"]

1. f4 d5 2. Nf3 Nf6 3. d4 g6 4. e3 Bg7 5. c3 b6 6. Bd3 c5 7. Bb5+ Bd7 8. Bxd7+
Nbxd7 9. O-O c4 10. Qe1 b5 11. a3 O-O 12. Ne5 Ne4 13. Nd2 Nxd2 14. Bxd2 Nf6 15.
Qe2 Ne4 16. Rf3 a5 17. Ng4 Qd6 18. Nf2 f5 19. Nxe4 fxe4 20. Rf2 Rab8 21. Raf1
e6 22. g4 Rbe8 23. h4 h6 24. Rg2 Kh7 25. Be1 Rf7 26. Bg3 Qe7 27. Rh2 Ref8 28.
Rhf2 b4 29. axb4 axb4 30. Rg2 Ra8 31. Rgf2 Ra2 32. f5 g5 33. h5 bxc3 34. Be5
Bxe5 35. dxe5 Rxb2 36. Qd1 exf5 37. Qxd5 Rxf2 38. Rxf2 Qd7 39. Qxd7 Rxd7 40. e6
Rd8 41. gxf5 c2 42. Rxc2 Kg7 43. Rxc4 Kf6 44. Rc5 Re8 45. Kf2 Ra8 46. Kg3 Re8
47. Kg4 Rh8 48. Rc7 Rf8 49. Rh7 1-0

[Event "X Open"]
[Site "Condino ITA"]
[Date "2010.07.28"]
[Round "5"]
[White "Gallucci, Alessio"]
[Black "De Nisi, Roberta"]
[Result "1-0"]
[WhiteElo "2155"]
[BlackElo "1900"]
[PlyCount "63"]
[EventDate "2010.07.26"]

1. e4 e6 2. d4 d5 3. Nc3 Nf6 4. e5 Nfd7 5. f4 c5 6. Nf3 Nc6 7. Be3 a6 8. Qd2
cxd4 9. Nxd4 Bc5 10. O-O-O O-O 11. h4 Nxd4 12. Bxd4 Bxd4 13. Qxd4 f6 14. Nxd5
fxe5 15. fxe5 Rf5 16. Ne3 Rf8 17. Nc4 b5 18. Nd6 Qc7 19. Rh3 Qc5 20. Qe4 Rb8
21. Bd3 g6 22. Re3 Rb6 23. Nxc8 Qxc8 24. h5 Nc5 25. Qg4 Nxd3+ 26. Rexd3 Qc4 27.
Rd4 Qxa2 28. hxg6 Qa1+ 29. Kd2 Qxb2 30. gxh7+ Kh8 31. Rd7 Rf2+ 32. Ke3 1-0

[Event "X Open"]
[Site "Condino ITA"]
[Date "2010.07.28"]
[Round "5"]
[White "Garonzi, Martino"]
[Black "Van Rekom, Robert"]
[Result "1/2-1/2"]
[WhiteElo "2055"]
[BlackElo "1879"]
[PlyCount "64"]
[EventDate "2010.07.26"]

1. e4 e6 2. d4 d5 3. Nc3 Bb4 4. e5 c5 5. Bd2 Ne7 6. a3 Bxc3 7. Bxc3 Nbc6 8. b4
cxd4 9. Bxd4 Nxd4 10. Qxd4 Qc7 11. Rc1 Nc6 12. Bb5 Bd7 13. Bxc6 Bxc6 14. Nf3
Bb5 15. Kd2 O-O 16. Rhe1 Rfc8 17. Re3 Qc6 18. Qf4 a5 19. Nd4 Qc4 20. Rf3 Rc7
21. Nxb5 Qxb5 22. bxa5 Qxa5+ 23. Qb4 Qa7 24. Rb1 Rac8 25. c3 h6 26. Rb3 Qa6 27.
Qb5 Qxb5 28. Rxb5 Ra8 29. Rb3 Ra4 30. Rd3 Re4 31. Re3 Ra4 32. Rd3 Re4 1/2-1/2

[Event "X Open"]
[Site "Condino ITA"]
[Date "2010.07.28"]
[Round "5"]
[White "Girelli, Sergio"]
[Black "Gardi, Giuseppe"]
[Result "1-0"]
[WhiteElo "1705"]
[BlackElo "2034"]
[PlyCount "105"]
[EventDate "2010.07.26"]

1. e4 g6 2. d4 Bg7 3. Bc4 c6 4. Nc3 d6 5. f4 b5 6. Bb3 a5 7. a3 Ba6 8. Nf3 Nf6
9. e5 dxe5 10. dxe5 Qxd1+ 11. Nxd1 Nd5 12. Bd2 e6 13. Nc3 a4 14. Nxd5 cxd5 15.
Ba2 Nd7 16. Bb4 Rc8 17. Nd4 Nc5 18. Bxc5 Rxc5 19. Kf2 h5 20. h4 Bf8 21. c3 Rc7
22. Rhd1 Bc5 23. Ke1 Ke7 24. Rd2 Rhc8 25. Rad1 Bb6 26. Nf3 Kf8 27. Nd4 Kg7 28.
Bb1 Bc5 29. Ba2 Rb8 30. Bb1 Be7 31. g3 Kf8 32. Bxg6 Kg7 33. Bxh5 Rg8 34. Be2
Kf8 35. Kf2 Bc5 36. Kf3 Rb7 37. g4 Ke7 38. g5 Kd7 39. h5 Kc7 40. h6 Rh8 41. f5
Kb6 42. fxe6 fxe6 43. Kg4 Rbh7 44. Rf1 Rg8 45. Kh5 Bf8 46. Rf6 Bc8 47. Bd3 Rhh8
48. Rdf2 Bd7 49. Rxf8 Rxf8 50. Rxf8 Rxf8 51. g6 Rf2 52. h7 Rh2+ 53. Kg5 1-0

[Event "X Open"]
[Site "Condino ITA"]
[Date "2010.07.28"]
[Round "5"]
[White "Marguerettaz, Davy"]
[Black "Poletti, Fausto"]
[Result "1-0"]
[WhiteElo "2092"]
[BlackElo "1901"]
[PlyCount "131"]
[EventDate "2010.07.26"]

1. e4 c5 2. Nf3 Nc6 3. d4 cxd4 4. Nxd4 Nf6 5. Nc3 e5 6. Ndb5 d6 7. Bg5 a6 8.
Na3 b5 9. Nd5 Be7 10. Bxf6 Bxf6 11. c4 b4 12. Nc2 a5 13. g3 O-O 14. h4 Be6 15.
Bh3 Bxh3 16. Rxh3 Rb8 17. b3 Kh8 18. Rh1 Be7 19. Qg4 Qc8 20. Qxc8 Rfxc8 21. Ke2
Bd8 22. Rhd1 g6 23. Kf1 Kg7 24. Rd3 Rb7 25. Kg2 Ra8 26. h5 a4 27. a3 axb3 28.
Rxb3 Rba7 29. Ndxb4 Na5 30. Rc3 Bb6 31. Rd1 Bc5 32. Rd5 Rc8 33. Nd3 Rac7 34.
hxg6 hxg6 35. Nxc5 Rxc5 36. Rxc5 Rxc5 37. Ne3 Kf6 38. Rd3 Nxc4 39. Nxc4 Rxc4
40. Rxd6+ Ke7 41. Rd3 Rxe4 42. Re3 Ra4 43. Rxe5+ Kd6 44. Re3 f5 45. f4 Ra6 46.
Kh3 Kd5 47. Kh4 Kd4 48. Rb3 Ke4 49. Kg5 Kd4 50. a4 Ke4 51. Ra3 Kd4 52. a5 Kc4
53. Ra1 Kd3 54. Re1 Kd2 55. Re5 Kd3 56. Kh6 Kd4 57. Kg7 Kd3 58. Kf7 Kd4 59. Ke7
Kc4 60. Kd7 Kb4 61. Kc7 Rf6 62. Rd5 Kc4 63. Rd6 Rf7+ 64. Kb6 g5 65. fxg5 Rg7
66. g6 1-0